SİYAH N2 14 (Record no. 1153454)

MARC details
000 -LEADER
sabit uzunluktaki kontrol alanı 00252nam a2200097Ia 4500
001 - KONTROL NUMARASI
kontrol alanı 1153454
005 - EN SON İŞLEMİN TARİH VE ZAMANI
kontrol alanı 20250827011125.0
008 - SABİT-UZUNLUKTA VERİ ÖĞELERİ--GENEL BİLGİ
sabit uzunluktaki kontrol alanı 250824s9999 xx 000 0 und d
245 #0 - ESER / YAZAR
ESER ADI SİYAH N2 14
Yazar Adı TALHA BORA ÖGE
260 ## - YAYIN, DAĞITIM, VB.
YAYIN EVİ KARATAY AKADEMİ YAYINLARI
Holdings
Düşüm durumu Kayıp durumu Hasar Durumu Ödünç verilmez Ana kütüphane Geçerli Kütüphane Edinilen tarih Toplam ödünç verme sayısı Toplam süre uzatma sayısı Barkod Son görüntüleme tarihi Son ödünç verme tarihi Fiyatın geçerli olmaya başladığı tarih Koha materyal türü
        MEHMET ZAHİD KOTKU KIZ ANADOLU İMAM HATİP LİSESİ MEHMET ZAHİD KOTKU KIZ ANADOLU İMAM HATİP LİSESİ 24.08.2025 1 1 10931890 23.02.2026 23.02.2026 27.08.2025 Books